Introducció a la Historia de la Corona d'Aragó / (Record no. 125793)

MARC details
000 -LEADER
campo de control de longitud fija 00636nam a2200205 i 4500
001 - NÚMERO DE CONTROL
campo de control 125793
003 - IDENTIFICADOR DE NÚMERO DE CONTROL
campo de control ES-MaACL
005 - FECHA Y HORA DE LA ÚLTIMA TRANSACCIÓN
campo de control 20250912063050.0
007 - CAMPO FIJO DE DESCRIPCIÓN FÍSICA--INFORMACIÓN GENERAL
campo de control de longitud fija t|
008 - DATOS DE LONGITUD FIJA--INFORMACIÓN GENERAL
campo de control de longitud fija 070214s1969 sp r ||||1| cat d
100 1# - ENTRADA PRINCIPAL--NOMBRE DE PERSONA
Nombre de persona Reglá, Juan,
Fechas asociadas al nombre 1917-1973
9 (RLIN) 95897
245 10 - MENCIÓN DEL TÍTULO
Título Introducció a la Historia de la Corona d'Aragó /
Mención de responsabilidad, etc. Joan Reglá.
260 ## - PUBLICACIÓN, DISTRIBUCIÓN, ETC.
Lugar de publicación, distribución, etc. Palma de Mallorca :
Nombre del editor, distribuidor, etc. Moll,
Fecha de publicación, distribución, etc. 1969.
300 ## - DESCRIPCIÓN FÍSICA
Extensión 188 p. ;
Dimensiones 18 cm.
490 1# - MENCIÓN DE SERIE
Mención de serie Biblioteca "Raixa" ;
Designación de volumen o secuencia 75
651 #4 - PUNTO DE ACCESO ADICIONAL DE MATERIA--NOMBRE GEOGRÁFICO
Nombre geográfico Aragón (Reino)-
Subdivisión general Historia.
9 (RLIN) 7791
830 0# - PUNTO DE ACCESO ADICIONAL DE SERIE-TÍTULO UNIFORME
Título uniforme Biblioteca "Raixa" ;
Designación de volumen o secuencia 75
9 (RLIN) 181878
852 ## - LOCALIZACIÓN
Ubicación ES-MaACL
Número de control de estantería C-36524
Sublocalización o colección R.70597
Holdings
Estatus retirado Estado de pérdida Estado de daño No para préstamo Biblioteca de origen Biblioteca actual Ubicación en estantería Fecha de adquisición Fuente de adquisición Total de préstamos Signatura topográfica completa Código de barras Visto por última vez Precio de reemplazo Tipo de ítem Koha
        Biblioteca del Ateneo de Madrid Biblioteca del Ateneo de Madrid Depósito 2 17/01/2008     C-36524 1131037 23/02/2023 23/02/2023 Libro impreso